00664nam a2200241 a 4500001001300000003000900013005001700022008004100039020000800080082001700088100002100105245002300126260003700149300000800186500003500194505001000229650001800239700002100257902000800278942000700286952011400293999001500407nice12345678IN_TiNIC20260116012927.0050524s1989 hyda grp 000 0 urd  ac500a297.446bSAF aSafiudin Trust,  aChiragh-E-Rah Gzur aHyderabadbSafiuddin Trustc1989 a16p aincludes index and biblioraphy2 aIndex aIslam-Rituals1 aSafiudin Trust,  bSRS cBK 001040708StackRoom-aHMIbHMId2007-07-03g5.00l0o297.446 SAFp013511r2007-07-03v5.00w2005-05-24yBK c8927d8927